Coaches of the Fremantle Dockers - Statistics

General Stats
  • This quiz has been taken 19 times
  • The average score is 5 of 8
Answer Stats
Years Coach % Correct
2020- Justin Longmuir
100%
2012-2019 Ross Lyon
100%
2007-2011 Mark Harvey
73%
2002-2007 Chris Connolly
64%
2001 Ben Allan
45%
1991-2001 Danian Drum
45%
2019 David Hale
36%
1995-1998 Gerard Neesham
36%
No matching quizzes found
Score Distribution
Percent of People with Each Score
Percentile by Number Answered
Your Score History
You have not taken this quiz